000 00480nam a2200145 i 4500
001 bg
245 0 _aKatalog Nakładów Rzeczowych nr 2-22 /
_cMinisterstwo Rolnictwa i Gospodarki Żywnościowej ; Centralne Biuro Projektowo-Badawcze Budownictwa Wiejskiego BISPROL.
254 _aKNR2-22
260 _aWarszawa :
_bWydawnictwa Akcydensowe,
_c1984.
650 9 _abudownictwo rolnicze
040 _cBPK
041 _apl
942 _cKA
008 s pl f |000 0 pol
999 _c10102
_d10102
856 _uhttp://koha.tu.koszalin.pl/cgi-bin/koha/opac-detail.pl?biblionumber=10102
_yKatalog online BPK